00313cam a22000977a 4500008003800000082001500038100002700053245004400080260005400124500003700178180718b-- xxu||||| |||| 00| 0 eng d aA42x5414 A aOrissa. Law Department aOrissa acts, ordinances and regulations aCuttackbPrinting Stationery and Publicationsc-- aLibrary has 1948-1952, 1981-1983